| 000 | 00342nam a2200145Ia 4500 | ||
|---|---|---|---|
| 008 | 230917s9999||||xx |||||||||||||| ||und|| | ||
| 040 |
_e99188 _aMAIN |
||
| 041 | _aEnglish | ||
| 082 | _a355.00954 D536I | ||
| 100 | _aDharm Pal | ||
| 245 | 0 | _aIndian army | |
| 260 |
_aDelhi _bPublication Division _c1967 |
||
| 300 | _avi, 121 p. | ||
| 942 | _cBK | ||
| 999 |
_c79649 _d79649 |
||